000 00583nam a2200169Ia 4500
008 090201s9999 xx 000 0 und d
010 _aKPL-47381
040 _bमराठी
041 _aमराठी
082 _a30919
_b47381
100 _aराजेंद्र बर्वे
245 _a"मनोविकार ,कथा आणि व्यथा"
_cराजेंद्र बर्वे
260 _c2004
_bडींपल
300 _a240
_bमोठा
600 _a"मनोविकार ,कथा आणि व्यथा"
942 _cBOOK
999 _c229422
_d229422